000 00533nam a2200157 4500
001 136170
003 ES-MaACL
005 20230906195043.0
007 t|
008 070214s1929 sp r ||||1| spa d
100 1 _aSaavedra y Pérez de Meca, Eulogio.
_9101150
245 1 0 _aMastia y Tarteso y los pueblos litorales del sudeste de España en la antiguedad /
_cEulogio Saavedra y Pérez de Meca.
260 _aMurcia :
_b[s.n.],
_c1929 (
_fTip. San Francisco)
300 _a205 p. ;
_c23 cm.
852 _aES-MaACL
_jF-15252
_bR.18614
999 _c136170
_d136170